Exportació completada — 

Kế toán quản trị và phân tích kinh doanh

Đã lưu trong:
书目详细资料
主要作者: Nguyễn, Phú Giang
格式: 图书
语言:Undetermined
出版: Hà Nội Tài chính 2003
主题:
标签: 添加标签
没有标签, 成为第一个标记此记录!
Thư viện lưu trữ: Trung tâm Học liệu Trường Đại học Cần Thơ
LEADER 00571nam a2200193Ia 4500
001 CTU_64205
008 210402s9999 xx 000 0 und d
020 |c 58000 
082 |a 658.1511 
082 |b Gi106 
100 |a Nguyễn, Phú Giang 
245 0 |a Kế toán quản trị và phân tích kinh doanh 
245 0 |c Nguyễn Phú Giang 
260 |a Hà Nội 
260 |b Tài chính 
260 |c 2003 
650 |a Managerial accounting,Quản lý tài chính 
910 |a Năm 
980 |a Trung tâm Học liệu Trường Đại học Cần Thơ